[Event "DVM U20w 2022"]
[Site "Münster GER"]
[Date "2022.12.29"]
[Round "6"]
[White "Wolterink, Jule"]
[Black "Falke, Ornella"]
[Result "1-0"]
[Termination "normal"]
[Board "6.1"]
[BlackTitle "WCM"]
[WhiteElo "1424"]
[BlackElo "2016"]
[WhiteTeam "SK Lehrte von 1919 e. V."]
[BlackTeam "Elmshorner SC von 1896"]
[PlyCount "120"]
[WhiteFideId "12981206"]
[BlackFideId "16207092"]
[EventCountry "GER"]
[EventRounds "7"]
[EventType "team-swiss"]
[EventDate "2022.12.26"]

1. d4 Nf6 2. Bf4 d5 3. e3 c5 4. c3 Nc6 5. Nf3 Qb6 6. Qc2 cxd4 7. exd4 Bf5 8.
Qb3 e6 9. Nbd2 Be7 10. Be2 O-O 11. O-O Rfc8 12. h3 Ne8 13. Rfe1 Nd6 14. Qxb6
axb6 15. Ne5 Nxe5 16. Bxe5 f6 17. Bg3 Bg6 18. Bf3 Kf7 19. Re3 Nf5 20. Re2 Nxg3
21. fxg3 Bd6 22. Kf2 Bd3 23. Re3 Bb5 24. a3 Bc6 25. Bg4 Re8 26. Rae1 e5 27.
dxe5 Bc5 28. e6 Ke7 29. Nb3 Bxe3 30. Rxe3 f5 31. Bf3 Kf6 32. Nd4 Re7 33. Bd1 g6
34. Bc2 Rc7 35. Bd3 h6 36. h4 h5 37. Rf3 Ke7 38. Re3 Rf8 39. Kf3 Ba4 40. Kf4
Kf6 41. Re5 Rd8 42. Re1 Re7 43. Re5 Rd6 44. Re3 Bc6 45. Bc2 b5 46. Bb3 Re8 47.
Re2 Rc8 48. Re1 Be8 49. Rd1 b6 50. Re1 Rc7 51. Rd1 Bc6 52. Re1 Be8 53. Rd1 Rc5
54. Bc2 Rc8 55. Bd3 Rcd8 56. Re1 Ra8 57. Bc2 Ra7 58. Re2 Re7 59. Bb3 Rd8 60.
Re3 Rc7 1-0

[Event "DVM U20w 2022"]
[Site "Münster GER"]
[Date "2022.12.29"]
[Round "6"]
[White "Evering, Enna"]
[Black "Strübel, Katharina"]
[Result "1-0"]
[Termination "normal"]
[Board "6.2"]
[WhiteElo "1511"]
[BlackElo "1325"]
[WhiteTeam "Elmshorner SC von 1896"]
[BlackTeam "SK Lehrte von 1919 e. V."]
[PlyCount "115"]
[WhiteFideId "16218213"]
[BlackFideId "16284879"]
[EventCountry "GER"]
[EventRounds "7"]
[EventType "team-swiss"]
[EventDate "2022.12.26"]

1. e4 e5 2. Nf3 Nc6 3. d4 exd4 4. Nxd4 Bc5 5. Nb3 Bb6 6. Nc3 Nf6 7. Bg5 h6 8.
Bh4 d6 9. Qe2 Be6 10. Nd5 g5 11. Bg3 Bxd5 12. exd5 Ne7 13. O-O-O Qd7 14. c4 a5
15. c5 a4 16. cxb6 axb3 17. a3 Nfxd5 18. bxc7 Qxc7 19. Kb1 Rxa3 20. Qc4 Qxc4
21. Bxc4 Ra5 22. Bxd6 Nf5 23. Bxd5 Nxd6 24. Bxb3 Kd7 25. Rd2 Rha8 26. Rhd1 Ra1
27. Kc2 Rxd1 28. Rxd1 f5 29. Rd3 g4 30. h3 h5 31. Bd5 Rc8 32. Kd2 b5 33. Bf7 h4
34. hxg4 fxg4 35. Bh5 g3 36. Bg4 Kc7 37. Bxc8 Ne4 38. Ke2 gxf2 39. Bg4 Kb6 40.
Bf3 Ng3 41. Kxf2 Ka5 42. Rd4 Nf5 43. Rf4 Nd6 44. Rxh4 Nc4 45. b3 Nd2 46. Bd5 b4
47. g4 Nb1 48. g5 Nc3 49. Bc4 Nb5 50. Bxb5 Kxb5 51. g6 Kc6 52. g7 Kd5 53. g8=Q
Ke5 54. Qg5 Ke6 55. Rh6 Kf7 56. Ra6 Kf8 57. Ra7 Ke8 58. Qg8# 1-0

[Event "DVM U20w 2022"]
[Site "Münster GER"]
[Date "2022.12.29"]
[Round "6"]
[White "Stelter, Finja"]
[Black "Margaryan, Susanna"]
[Result "1/2-1/2"]
[Termination "normal"]
[Board "6.3"]
[WhiteElo "1312"]
[BlackElo "1415"]
[WhiteTeam "SK Lehrte von 1919 e. V."]
[BlackTeam "Elmshorner SC von 1896"]
[PlyCount "118"]
[WhiteFideId "16298624"]
[BlackFideId "16268210"]
[EventCountry "GER"]
[EventRounds "7"]
[EventType "team-swiss"]
[EventDate "2022.12.26"]

1. e4 c5 2. Nf3 e6 3. d4 cxd4 4. Nxd4 a6 5. Bd3 Bc5 6. c3 Qb6 7. Be3 Nc6 8. Qb3
Qa7 9. Nc2 Nf6 10. Bxc5 Qxc5 11. Nd2 d5 12. O-O Ne5 13. c4 dxc4 14. Bxc4 Nxc4
15. Qxc4 Qxc4 16. Nxc4 Nxe4 17. Nb6 Rb8 18. Nd4 O-O 19. Nf3 Nc5 20. Ne5 f6 21.
Rac1 fxe5 22. Rxc5 Rd8 23. Rfc1 Bd7 24. Nxd7 Rxd7 25. Kf1 Kf7 26. Rxe5 Rd2 27.
Re2 Rd7 28. Ke1 Re8 29. Rec2 Ree7 30. Rd2 e5 31. Ke2 Rc7 32. Rxc7 Rxc7 33. Ke3
Ke6 34. Kd3 b5 35. Rc2 e4 36. Kd2 Rxc2 37. Kxc2 Kd5 38. Kc3 a5 39. a3 g5 40. g4
h6 41. b3 Kc5 42. Kc2 b4 43. a4 Kd4 44. Kd2 Ke5 45. Ke3 Kd5 46. Ke2 Ke6 47. Kd2
Kd6 48. Ke1 Ke5 49. Ke2 Kf4 50. h3 Ke5 51. Ke3 Kd5 52. Ke2 Ke6 53. Kd1 Ke5 54.
Ke1 Kd4 55. Kd2 Kd5 56. Ke2 Ke6 57. Kd1 Kd6 58. Ke1 Ke5 59. Kd1 Kd5 1/2-1/2

[Event "DVM U20w 2022"]
[Site "Münster GER"]
[Date "2022.12.30"]
[Round "7"]
[White "Berghold, Lotta"]
[Black "Peglau, Charis"]
[Result "0-1"]
[Termination "normal"]
[Board "1.1"]
[WhiteElo "1589"]
[BlackElo "2008"]
[WhiteClock "00:19:47"]
[BlackClock "00:54:02"]
[WhiteTeam "SC Borussia Lichtenberg"]
[BlackTeam "Schachzentrum Seeblick e. V."]
[PlyCount "94"]
[WhiteFideId "16243463"]
[BlackFideId "16219996"]
[EventCountry "GER"]
[EventRounds "7"]
[EventType "team-swiss"]
[EventDate "2022.12.26"]

1. d4 {[%clk 01:30:55]} {[%emt 00:00:04]} Nf6 {[%clk 01:30:54]} {[%emt
00:00:06]} 2. c4 {[%clk 01:31:22]} {[%emt 00:00:04]} e6 {[%clk 01:31:20]}
{[%emt 00:00:04]} 3. g3 {[%clk 01:31:49]} {[%emt 00:00:03]} d5 {[%clk
01:31:30]} {[%emt 00:00:21]} 4. Bg2 {[%clk 01:32:14]} {[%emt 00:00:04]} Be7
{[%clk 01:31:07]} {[%emt 00:00:53]} 5. Nf3 {[%clk 01:32:30]} {[%emt 00:00:13]}
O-O {[%clk 01:31:32]} {[%emt 00:00:06]} 6. O-O {[%clk 01:32:56]} {[%emt
00:00:03]} c5 {[%clk 01:30:48]} {[%emt 00:01:14]} 7. cxd5 {[%clk 01:26:21]}
{[%emt 00:07:06]} Nxd5 {[%clk 01:28:58]} {[%emt 00:02:20]} 8. Nc3 {[%clk
01:15:32]} {[%emt 00:11:18]} Nxc3 {[%clk 01:27:04]} {[%emt 00:02:25]} 9. bxc3
{[%clk 01:15:53]} {[%emt 00:00:09]} Nc6 {[%clk 01:26:50]} {[%emt 00:00:44]} 10.
Qd3 {[%clk 00:57:39]} {[%emt 00:18:43]} cxd4 {[%clk 01:22:15]} {[%emt
00:05:05]} 11. cxd4 {[%clk 00:57:59]} {[%emt 00:00:10]} Nb4 {[%clk 01:18:13]}
{[%emt 00:04:32]} 12. Qb3 {[%clk 00:57:26]} {[%emt 00:01:03]} Nd5 {[%clk
01:13:45]} {[%emt 00:04:58]} 13. Ba3 {[%clk 00:54:54]} {[%emt 00:03:03]} Bxa3
{[%clk 01:13:31]} {[%emt 00:00:45]} 14. Qxa3 {[%clk 00:55:20]} {[%emt
00:00:03]} Bd7 {[%clk 01:08:23]} {[%emt 00:05:38]} 15. Rac1 {[%clk 00:48:44]}
{[%emt 00:07:06]} Bb5 {[%clk 01:06:55]} {[%emt 00:01:58]} 16. Rc2 {[%clk
00:48:50]} {[%emt 00:00:23]} Rc8 {[%clk 01:00:09]} {[%emt 00:07:17]} 17. Rfc1
{[%clk 00:37:38]} {[%emt 00:26:48]} Rxc2 {[%clk 01:00:20]} 18. Rxc2 {[%clk
00:38:06]} Qb6 {[%clk 01:00:28]} 19. e3 {[%clk 00:37:32]} Rd8 {[%clk 01:00:08]}
20. Qc5 {[%clk 00:31:02]} Qxc5 {[%clk 00:57:37]} 21. Rxc5 {[%clk 00:31:01]} a6
{[%clk 00:57:41]} 22. Bf1 {[%clk 00:24:18]} {[%emt 00:05:38]} Bxf1 {[%clk
00:57:22]} {[%emt 00:00:50]} 23. Kxf1 {[%clk 00:24:44]} {[%emt 00:00:03]} Kf8
{[%clk 00:55:59]} {[%emt 00:01:54]} 24. Ke2 {[%clk 00:21:50]} {[%emt 00:03:24]}
Ke7 {[%clk 00:54:13]} {[%emt 00:02:16]} 25. a3 {[%clk 00:19:29]} {[%emt
00:02:52]} f6 {[%clk 00:49:06]} {[%emt 00:05:37]} 26. Kd3 {[%clk 00:17:03]}
{[%emt 00:02:56]} Kd7 {[%clk 00:47:25]} {[%emt 00:02:12]} 27. Nd2 {[%clk
00:13:47]} {[%emt 00:03:46]} b6 {[%clk 00:44:52]} {[%emt 00:03:04]} 28. Rc1
{[%clk 00:13:25]} {[%emt 00:00:51]} Rc8 {[%clk 00:43:37]} {[%emt 00:01:45]} 29.
Rxc8 {[%clk 00:13:29]} {[%emt 00:00:25]} Kxc8 {[%clk 00:44:06]} {[%emt
00:00:02]} 30. e4 {[%clk 00:12:46]} {[%emt 00:01:12]} Ne7 {[%clk 00:43:56]}
{[%emt 00:00:39]} 31. Kc4 {[%clk 00:11:20]} {[%emt 00:01:56]} Kd7 {[%clk
00:43:03]} {[%emt 00:01:23]} 32. Nb3 {[%emt 00:02:48]} Kd6 {[%clk 00:37:45]}
{[%emt 00:05:47]} 33. Kd3 {[%clk 00:05:33]} {[%emt 00:03:59]} Nc6 {[%clk
00:36:26]} {[%emt 00:01:50]} 34. f3 {[%clk 00:04:31]} {[%emt 00:01:32]} b5
{[%clk 00:32:12]} {[%emt 00:04:44]} 35. h4 {[%clk 00:03:11]} {[%emt 00:01:50]}
g6 {[%clk 00:30:31]} {[%emt 00:02:11]} 36. g4 {[%clk 00:02:56]} {[%emt
00:00:45]} a5 {[%clk 00:28:17]} {[%emt 00:02:44]} 37. Nc1 {[%clk 00:02:03]}
{[%emt 00:01:23]} e5 {[%clk 00:26:35]} {[%emt 00:02:13]} 38. d5 {[%clk
00:01:17]} {[%emt 00:01:16]} Nd4 {[%clk 00:27:00]} {[%emt 00:00:05]} 39. f4
{[%clk 00:01:19]} {[%emt 00:00:27]} Nf3 {[%clk 00:27:20]} {[%emt 00:00:10]} 40.
h5 {[%clk 00:00:42]} {[%emt 00:01:06]} exf4 {[%clk 00:26:48]} {[%emt 00:01:02]}
41. hxg6 {[%clk 00:26:58]} {[%emt 00:04:14]} hxg6 {[%clk 00:57:01]} {[%emt
00:00:17]} 42. Ne2 {[%clk 00:21:00]} {[%emt 00:06:28]} g5 {[%clk 00:55:48]}
{[%emt 00:01:43]} 43. Nc3 {[%clk 00:20:46]} {[%emt 00:00:44]} Kc5 {[%clk
00:55:48]} {[%emt 00:00:30]} 44. d6 {[%clk 00:20:02]} {[%emt 00:01:15]} Kxd6
{[%clk 00:55:20]} {[%emt 00:00:58]} 45. Nxb5 {[%clk 00:20:25]} {[%emt
00:00:06]} Kc5 {[%clk 00:55:39]} {[%emt 00:00:11]} 46. Nc7 {[%clk 00:19:42]}
{[%emt 00:01:12]} Ne5 {[%clk 00:56:00]} {[%emt 00:00:09]} 47. Ke2 {[%clk
00:19:47]} {[%emt 00:00:26]} Kd4 {[%clk 00:54:02]} {[%emt 00:02:29]} 0-1

[Event "DVM U20w 2022"]
[Site "Münster GER"]
[Date "2022.12.30"]
[Round "7"]
[White "Peglau, Dora"]
[Black "Hafermann, Lara"]
[Result "1-0"]
[Termination "normal"]
[Board "1.2"]
[WhiteElo "1869"]
[BlackElo "1414"]
[WhiteClock "00:07:08"]
[BlackClock "00:24:21"]
[WhiteTeam "Schachzentrum Seeblick e. V."]
[BlackTeam "SC Borussia Lichtenberg"]
[PlyCount "71"]
[WhiteFideId "16220005"]
[BlackFideId "16298306"]
[EventCountry "GER"]
[EventRounds "7"]
[EventType "team-swiss"]
[EventDate "2022.12.26"]

1. Nf3 {[%clk 01:30:57]} {[%emt 00:00:03]} d5 {[%clk 01:30:45]} {[%emt
00:00:16]} 2. g3 {[%clk 01:30:28]} {[%emt 00:00:59]} f5 {[%clk 01:30:24]}
{[%emt 00:00:50]} 3. Bg2 {[%clk 01:29:38]} {[%emt 00:01:20]} Nf6 {[%clk
01:30:18]} {[%emt 00:00:35]} 4. d4 {[%clk 01:29:36]} {[%emt 00:00:33]} e6
{[%clk 01:30:21]} {[%emt 00:00:27]} 5. c4 {[%clk 01:29:33]} {[%emt 00:00:33]}
c6 {[%clk 01:30:39]} {[%emt 00:00:11]} 6. O-O {[%clk 01:29:36]} {[%emt
00:00:28]} Bd6 {[%clk 01:30:51]} {[%emt 00:00:18]} 7. Nc3 {[%clk 01:28:56]}
{[%emt 00:01:10]} O-O {[%clk 01:30:31]} {[%emt 00:00:49]} 8. Qc2 {[%clk
01:27:23]} {[%emt 00:02:03]} h6 {[%clk 01:27:54]} {[%emt 00:03:08]} 9. c5
{[%clk 01:23:40]} {[%emt 00:04:13]} Bc7 {[%clk 01:28:06]} {[%emt 00:00:17]} 10.
b4 {[%clk 01:23:38]} {[%emt 00:00:32]} g5 {[%clk 01:23:41]} {[%emt 00:04:56]}
11. b5 {[%clk 01:18:54]} {[%emt 00:05:14]} Ne4 {[%clk 01:20:52]} {[%emt
00:03:20]} 12. a4 {[%clk 01:15:19]} {[%emt 00:04:05]} Qf6 {[%clk 01:17:49]}
{[%emt 00:03:33]} 13. Bb2 {[%clk 01:04:57]} {[%emt 00:10:51]} Nd7 {[%clk
01:13:53]} {[%emt 00:04:26]} 14. Nd2 {[%clk 00:51:29]} {[%emt 00:13:58]} h5
{[%clk 01:09:26]} {[%emt 00:04:57]} 15. Ncxe4 {[%clk 00:45:41]} {[%emt
00:06:18]} fxe4 {[%clk 01:07:27]} {[%emt 00:02:29]} 16. Nb3 {[%clk 00:35:50]}
{[%emt 00:10:21]} h4 {[%clk 01:01:40]} {[%emt 00:21:36]} 17. Qd2 {[%clk
00:33:57]} g4 {[%clk 00:58:25]} 18. Bc1 {[%clk 00:30:48]} e5 19. Qg5 {[%clk
00:27:39]} {[%emt 00:01:20]} Qxg5 {[%clk 00:54:03]} {[%emt 00:02:05]} 20. Bxg5
{[%clk 00:28:04]} {[%emt 00:00:06]} h3 {[%clk 00:52:33]} {[%emt 00:02:00]} 21.
Bh1 {[%clk 00:28:26]} {[%emt 00:00:07]} Rf7 {[%clk 00:50:15]} {[%emt 00:02:48]}
22. f3 {[%clk 00:24:36]} {[%emt 00:04:20]} exf3 {[%clk 00:35:24]} {[%emt
00:15:21]} 23. exf3 {[%clk 00:24:58]} {[%emt 00:00:08]} exd4 {[%clk 00:33:56]}
{[%emt 00:01:58]} 24. fxg4 {[%clk 00:23:44]} {[%emt 00:01:44]} Rg7 {[%clk
00:32:47]} {[%emt 00:01:38]} 25. Bf4 {[%clk 00:20:42]} {[%emt 00:03:32]} Bxf4
{[%clk 00:33:00]} {[%emt 00:00:17]} 26. Rxf4 {[%clk 00:21:10]} {[%emt
00:00:02]} Ne5 {[%clk 00:33:00]} {[%emt 00:00:30]} 27. Re1 {[%clk 00:18:24]}
{[%emt 00:03:16]} Re7 {[%clk 00:30:02]} {[%emt 00:03:28]} 28. Nxd4 {[%clk
00:18:01]} {[%emt 00:00:53]} Bd7 {[%clk 00:29:31]} {[%emt 00:01:00]} 29. g5
{[%clk 00:11:35]} {[%emt 00:06:57]} cxb5 {[%clk 00:29:26]} {[%emt 00:00:35]}
30. Bxd5 {[%clk 00:11:29]} {[%emt 00:00:36]} Kh8 {[%clk 00:29:22]} {[%emt
00:00:34]} 31. Rfe4 {[%clk 00:10:03]} {[%emt 00:01:57]} Rae8 {[%clk 00:29:19]}
{[%emt 00:00:33]} 32. axb5 {[%clk 00:09:25]} {[%emt 00:01:08]} Bxb5 {[%clk
00:28:24]} {[%emt 00:01:25]} 33. Rh4 {[%clk 00:09:11]} {[%emt 00:00:44]} Rh7
{[%clk 00:27:48]} {[%emt 00:01:05]} 34. Bxb7 {[%clk 00:06:41]} {[%emt
00:03:01]} Rxh4 {[%clk 00:26:39]} {[%emt 00:01:40]} 35. gxh4 {[%clk 00:07:06]}
{[%emt 00:00:05]} Rf8 {[%clk 00:24:21]} {[%emt 00:02:48]} 36. Nxb5 {[%clk
00:07:08]} {[%emt 00:00:28]} 1-0

[Event "DVM U20w 2022"]
[Site "Münster GER"]
[Date "2022.12.30"]
[Round "7"]
[White "Kessen, Fanny"]
[Black "Peglau, Mirjam"]
[Result "0-1"]
[Termination "normal"]
[Board "1.3"]
[WhiteElo "1369"]
[BlackElo "1875"]
[WhiteClock "00:40:01"]
[BlackClock "00:28:33"]
[WhiteTeam "SC Borussia Lichtenberg"]
[BlackTeam "Schachzentrum Seeblick e. V."]
[PlyCount "72"]
[WhiteFideId "16217357"]
[BlackFideId "16211138"]
[EventCountry "GER"]
[EventRounds "7"]
[EventType "team-swiss"]
[EventDate "2022.12.26"]

1. e4 {[%clk 01:30:58]} e6 {[%clk 01:30:55]} {[%emt 00:00:06]} 2. d4 {[%clk
01:31:24]} {[%emt 00:00:04]} d5 {[%clk 01:31:24]} {[%emt 00:00:01]} 3. exd5
{[%clk 01:31:39]} {[%emt 00:00:15]} exd5 {[%clk 01:31:53]} {[%emt 00:00:01]} 4.
c4 {[%clk 01:31:59]} {[%emt 00:00:10]} Nf6 {[%clk 01:32:02]} {[%emt 00:00:21]}
5. Nf3 {[%clk 01:32:09]} {[%emt 00:00:20]} Be7 {[%clk 01:31:49]} {[%emt
00:00:43]} 6. Nc3 {[%clk 01:31:25]} {[%emt 00:01:14]} O-O {[%clk 01:31:39]}
{[%emt 00:00:40]} 7. Be2 {[%clk 01:31:44]} {[%emt 00:00:11]} dxc4 {[%clk
01:26:37]} {[%emt 00:05:33]} 8. Bxc4 {[%clk 01:30:39]} {[%emt 00:01:34]} Bg4
{[%clk 01:26:18]} {[%emt 00:00:49]} 9. O-O {[%clk 01:28:21]} {[%emt 00:02:47]}
Nbd7 {[%clk 01:23:01]} {[%emt 00:03:48]} 10. Be3 {[%clk 01:25:50]} {[%emt
00:03:02]} Nb6 {[%clk 01:23:04]} {[%emt 00:00:26]} 11. Be2 {[%clk 01:24:08]}
{[%emt 00:02:11]} Nbd5 {[%clk 01:20:52]} {[%emt 00:02:42]} 12. Qd2 {[%clk
01:19:14]} {[%emt 00:05:25]} c6 {[%clk 01:19:20]} {[%emt 00:02:03]} 13. Bg5
{[%clk 01:16:15]} {[%emt 00:03:28]} Nxc3 {[%clk 00:59:48]} {[%emt 00:20:02]}
14. bxc3 {[%clk 01:13:43]} {[%emt 00:03:02]} Ne4 {[%clk 00:58:07]} {[%emt
00:02:11]} 15. Bxe7 {[%emt 00:01:31]} Nxd2 {[%clk 00:58:07]} {[%emt 00:00:23]}
16. Bxd8 {[%clk 01:12:58]} {[%emt 00:00:21]} Raxd8 {[%clk 00:54:38]} {[%emt
00:03:59]} 17. Nxd2 {[%clk 01:11:24]} {[%emt 00:02:03]} Bxe2 {[%clk 00:55:00]}
{[%emt 00:00:08]} 18. Rfe1 {[%clk 01:11:25]} {[%emt 00:00:29]} Rfe8 {[%clk
00:55:22]} {[%emt 00:00:08]} 19. a4 {[%clk 01:07:43]} {[%emt 00:04:12]} Re7
{[%clk 00:43:00]} {[%emt 00:12:52]} 20. f3 {[%clk 01:03:08]} {[%emt 00:05:05]}
Rde8 {[%clk 00:42:18]} {[%emt 00:01:12]} 21. Kf2 {[%clk 01:02:23]} {[%emt
00:01:14]} f5 {[%clk 00:38:48]} {[%emt 00:18:01]} 22. Nf1 {[%clk 00:58:37]} g6
{[%clk 00:35:54]} 23. Ng3 {[%clk 00:55:06]} Bc4 {[%clk 00:35:52]} 24. Rxe7
{[%clk 00:54:09]} Rxe7 {[%clk 00:36:21]} 25. a5 {[%clk 00:53:32]} {[%emt
00:00:44]} Kf7 {[%clk 00:35:10]} {[%emt 00:01:40]} 26. Re1 {[%clk 00:52:04]}
{[%emt 00:01:59]} Rxe1 {[%clk 00:35:09]} {[%emt 00:00:31]} 27. Kxe1 {[%clk
00:52:29]} {[%emt 00:00:04]} Ke6 {[%clk 00:34:52]} {[%emt 00:00:47]} 28. Nf1
{[%clk 00:48:55]} {[%emt 00:04:04]} Bxf1 {[%clk 00:33:41]} {[%emt 00:01:42]}
29. Kxf1 {[%clk 00:49:20]} {[%emt 00:00:06]} Kd5 {[%clk 00:33:43]} {[%emt
00:00:28]} 30. Ke2 {[%clk 00:49:14]} {[%emt 00:00:36]} Kc4 {[%clk 00:33:52]}
{[%emt 00:00:21]} 31. Kd2 {[%clk 00:49:08]} {[%emt 00:00:35]} Kb5 {[%clk
00:32:45]} {[%emt 00:01:37]} 32. Kd3 {[%clk 00:48:45]} {[%emt 00:00:54]} Kxa5
{[%clk 00:33:13]} {[%emt 00:00:02]} 33. c4 {[%clk 00:48:02]} {[%emt 00:01:13]}
Kb6 {[%clk 00:33:15]} {[%emt 00:00:28]} 34. h4 {[%clk 00:43:40]} {[%emt
00:04:52]} Kc7 {[%clk 00:33:10]} {[%emt 00:00:34]} 35. Kc3 {[%clk 00:42:59]}
{[%emt 00:01:11]} Kd6 {[%clk 00:29:35]} {[%emt 00:04:05]} 36. f4 {[%clk
00:40:01]} {[%emt 00:03:28]} b5 {[%clk 00:28:33]} {[%emt 00:01:33]} 0-1

[Event "DVM U20w 2022"]
[Site "Münster GER"]
[Date "2022.12.30"]
[Round "7"]
[White "Peglau, Sarah"]
[Black "Ludwig, Lea"]
[Result "1-0"]
[Termination "normal"]
[Board "1.4"]
[WhiteElo "1790"]
[BlackElo "1315"]
[WhiteClock "00:35:43"]
[BlackClock "01:04:21"]
[WhiteTeam "Schachzentrum Seeblick e. V."]
[BlackTeam "SC Borussia Lichtenberg"]
[PlyCount "49"]
[WhiteFideId "16219961"]
[BlackFideId "16217381"]
[EventCountry "GER"]
[EventRounds "7"]
[EventType "team-swiss"]
[EventDate "2022.12.26"]

1. c4 {[%clk 01:30:57]} {[%emt 00:00:02]} e6 {[%clk 01:30:43]} {[%emt
00:00:17]} 2. e4 {[%clk 01:29:48]} {[%emt 00:01:39]} d5 {[%clk 01:29:34]}
{[%emt 00:01:39]} 3. cxd5 {[%clk 01:29:04]} {[%emt 00:01:14]} exd5 {[%clk
01:29:46]} {[%emt 00:00:17]} 4. exd5 {[%clk 01:29:29]} {[%emt 00:00:05]} Qxd5
{[%clk 01:30:09]} {[%emt 00:00:08]} 5. Nc3 {[%clk 01:28:16]} {[%emt 00:01:43]}
Qd8 {[%clk 01:28:33]} {[%emt 00:02:05]} 6. Nf3 {[%clk 01:26:54]} {[%emt
00:01:52]} Nf6 {[%clk 01:28:47]} {[%emt 00:00:16]} 7. Bc4 {[%clk 01:25:05]}
{[%emt 00:02:19]} Bd6 {[%clk 01:28:16]} {[%emt 00:01:01]} 8. O-O {[%clk
01:22:36]} {[%emt 00:02:59]} O-O {[%clk 01:28:15]} {[%emt 00:00:30]} 9. h3
{[%clk 01:21:59]} {[%emt 00:01:08]} Nc6 {[%clk 01:26:46]} {[%emt 00:01:59]} 10.
d4 {[%clk 01:19:18]} {[%emt 00:03:11]} Bd7 {[%clk 01:23:21]} {[%emt 00:03:55]}
11. Bg5 {[%clk 01:16:01]} {[%emt 00:03:47]} Re8 {[%clk 01:21:19]} {[%emt
00:02:31]} 12. Nd5 {[%clk 01:09:33]} {[%emt 00:06:58]} Be7 {[%clk 01:20:11]}
{[%emt 00:01:38]} 13. Nxe7 {[%clk 01:06:24]} {[%emt 00:03:40]} Qxe7 {[%clk
01:19:51]} {[%emt 00:00:50]} 14. Ne5 {[%clk 01:02:08]} {[%emt 00:04:46]} Be6
{[%clk 01:15:25]} {[%emt 00:04:56]} 15. Nxc6 {[%clk 01:01:08]} {[%emt
00:01:29]} bxc6 {[%clk 01:15:42]} {[%emt 00:00:14]} 16. Re1 {[%clk 01:01:13]}
{[%emt 00:00:25]} h6 {[%clk 01:15:14]} {[%emt 00:00:58]} 17. Bxe6 {[%clk
00:59:58]} {[%emt 00:01:45]} fxe6 {[%clk 01:15:29]} {[%emt 00:00:15]} 18. Bh4
{[%clk 00:59:32]} {[%emt 00:00:55]} Qf7 {[%clk 01:14:31]} {[%emt 00:01:28]} 19.
Qf3 {[%clk 00:57:06]} {[%emt 00:02:56]} Nd5 {[%clk 01:13:11]} {[%emt 00:01:51]}
20. Qxf7 {[%clk 00:51:12]} {[%emt 00:06:24]} Kxf7 {[%clk 01:13:30]} {[%emt
00:00:10]} 21. Rec1 {[%clk 00:47:29]} {[%emt 00:04:12]} Rac8 {[%clk 01:08:34]}
{[%emt 00:05:26]} 22. Rxc6 {[%clk 00:47:05]} {[%emt 00:00:55]} e5 {[%clk
01:07:34]} {[%emt 00:01:30]} 23. Rc5 {[%clk 00:36:50]} {[%emt 00:26:28]} c6
{[%clk 01:05:36]} 24. Rac1 {[%clk 00:36:09]} Re6 {[%clk 01:04:21]} 25. Rxd5
{[%clk 00:35:43]} 1-0